WOVEN MASTERPIECES OF SIKH HERITAGE (Record no. 24655)

MARC details
000 -LEADER
fixed length control field 00292nam a22001337a 4500
003 - CONTROL NUMBER IDENTIFIER
control field SGT
020 ## - INTERNATIONAL STANDARD BOOK NUMBER
International Standard Book Number 9781851495986
082 ## - DEWEY DECIMAL CLASSIFICATION NUMBER
Classification number 294.6
Item number AME
100 ## - MAIN ENTRY--PERSONAL NAME
Personal name AMES, FRANK
245 ## - TITLE STATEMENT
Title WOVEN MASTERPIECES OF SIKH HERITAGE
260 ## - PUBLICATION, DISTRIBUTION, ETC. (IMPRINT)
Place of publication, distribution, etc CHINA
Name of publisher, distributor, etc ACC PUB.
Year of Publication 2010
300 ## - PAGE DESCRIPTION
No. of Pages 254
942 ## - ADDED ENTRY ELEMENTS (KOHA)
Source of classification or shelving scheme Dewey Decimal Classification
Koha item type Books
Holdings
Withdrawn status Lost status Source of classification or shelving scheme Damaged status Not for loan Home library Current library Shelving location Date acquired Vendor Name Cost, normal purchase price SGTU Bill Number Total Checkouts Full call number Accession No. (Barcode) Date last seen Bill Date Koha item type
    Dewey Decimal Classification   Not For Loan SGT Science & Social Sciences Library SGT Science & Social Sciences Library Reference Book 03/08/2023 PANKAJ PUB. 7661.20 SGTU 4726   294.6 AME FF760 03/08/2023   Books